000 00296nam a22001337a 4500
008 170831b xxu||||| |||| 00| 0 eng d
020 _a0690008066
041 _aeng
080 _22ND
_a070
100 _a40
101 _aMED
245 _aTHE LANGUAGE OF ARGUMENT
_cDONALD,D.M
942 _2udc
_cBK
999 _c25772
_d25772